Normal view MARC view

Entry Meeting Name

Number of records used in: 1

001 - CONTROL NUMBER

  • control field: 24695

003 - CONTROL NUMBER IDENTIFIER

  • control field: OSt

005 - DATE AND TIME OF LATEST TRANSACTION

  • control field: 20211105134906.0

008 - FIXED-LENGTH DATA ELEMENTS

  • fixed length control field: 211105|| aca||aabn | a|a d

040 ## - CATALOGING SOURCE

  • Original cataloging agency: OSt
  • Transcribing agency: OSt

111 ## - HEADING--MEETING NAME

  • Meeting name or jurisdiction name as entry element: International Workshop on Dust and Molecules in Evolved Stars
  • Location of meeting: Manchester, United Kingdom
  • Date of meeting or treaty signing: 1997 Mar. 24- 27

670 ## - SOURCE DATA FOUND

  • Source citation: Work cat.: (OSt): International Workshop on Dust and Molecules in Evolved Stars Manchester, United Kingdom 1997 Mar. 24- 27, Dust and molecules in evolved stars, 1998

Powered by Koha